000 00330cam a2200133ua 4500
041 _ahin
_h
082 _a891.54
_bRAH/ME
100 _aRahul sankrityan, .
245 _aMeriyathrajeevan /
_cRahul sansrityan.
_hTextual Documents
260 _a :
_bKitab Mahal ,
_c1950.
300 _a783 ; .
504 _a
999 _c11965
_d11965